Help onto and up housing ladder (Record no. 83822)

MARC details
000 -LEADER
fixed length control field 01045cad a22002055a 4500
001 - CONTROL NUMBER
control field E155130
008 - FIXED-LENGTH DATA ELEMENTS--GENERAL INFORMATION
fixed length control field 120305e20120305xxk s000 0 eng d
035 ## - SYSTEM CONTROL NUMBER
System control number (Sirsi) u155130
041 0# - LANGUAGE CODE
Language code of text/sound track or separate title eng
110 2# - MAIN ENTRY--CORPORATE NAME
Corporate name or jurisdiction name as entry element Scotland
Subordinate unit Scottish Government
9 (RLIN) 5344
245 00 - TITLE STATEMENT
Title Help onto and up housing ladder
Medium [electronic resource]
260 ## - PUBLICATION, DISTRIBUTION, ETC.
Date of publication, distribution, etc. 2012
490 ## - SERIES STATEMENT
Series statement Scottish Government News Release
Volume/sequential designation 5 March 2012
520 ## - SUMMARY, ETC.
Summary, etc. Announces Scottish Government support for a new three year national mortgage indemnity scheme aimed at helping those unable to raise a sufficient deposit to buy a new build home. The Scottish Government will provide a guarantee to launch the scheme, which it is hoped will create or save 22 800 new jobs in the construction sector and over 650 apprenticeships over the next three years.
590 ## - LOCAL NOTE (RLIN)
Local note KA
651 #4 - SUBJECT ADDED ENTRY--GEOGRAPHIC NAME
Geographic name Scotland
Chronological subdivision 1999-
690 ## - LOCAL SUBJECT ADDED ENTRY--TOPICAL TERM (OCLC, RLIN)
Topical term or geographic name as entry element Residential property
9 (RLIN) 6266
856 40 - ELECTRONIC LOCATION AND ACCESS
Uniform Resource Identifier <a href="https://www.scotland.gov.uk/News/Releases/2012/03/housing05032012">https://www.scotland.gov.uk/News/Releases/2012/03/housing05032012</a>
Public note View the news release free of charge at www.scotland.gov.uk
942 ## - ADDED ENTRY ELEMENTS (KOHA)
Suppress in OPAC 0
Holdings
Withdrawn status Lost status Source of classification or shelving scheme Damaged status Not for loan Home library Current library Shelving location Date acquired Total Checkouts Full call number Barcode Date last seen Copy number Price effective from Koha item type
    Dewey Decimal Classification     Virtual Virtual Online 05/03/2012   ONLINE PUBLICATION 155130-2001 06/08/2019 1 06/08/2019 Journal article